00325 a2200145 4500003000500000005001700005040000900022082001100031100001400042245002000056260003100076538003500107600001700142650002000159Nust20170207153233.0 cNust a515.63 aYusuf S.M aVector Analysis aPakistanbIlmi Kitab Khana aAlmirah No. 12 and Shelf No. 5 aDr.S.M.Yusuf aVector Analysis